| 000 | 00467nam a2200181Ia 4500 | ||
|---|---|---|---|
| 003 | GCL | ||
| 008 | 140319s9999 xx 000 0 eng d | ||
| 040 |
_aGCL / _cGCL |
||
| 082 | 0 | 4 |
_a658.4 _bC W |
| 100 | 1 | _aCASEY, CATHERINE | |
| 245 | 1 | 0 |
_aWORK SEIF AND SOCITY: AFTER INDUSTRIALISM / _cCASEY, CATHERINE |
| 260 |
_a[S.N] : _bROUTLEDGE ، _c1995 |
||
| 650 | 0 | 4 | _aWORKING CAPITAL |
| 650 | 0 | 4 | _aEMPLOYEES |
| 650 | 0 | 4 | _aSOCIETY |
| 650 | 0 | 4 | _aWORKING |
| 942 |
_2ddc _cBK |
||
| 999 |
_c10583 _d10583 |
||